000 01167nam a2200265Ia 4500
003 OSt
005 20200819195104.0
008 191128s2011 ck ad gr 000 0 spa d
020 _a9789588717252
040 _aCo-JMCR
_cCo-JMCR
041 0 _aspa
082 0 4 _a368.4 /
_bM353e
_223
100 1 _aBolívar Vargas, Mery Concepción,
_eautor
_98997
245 1 0 _aEstudio de la Suficiencia y de los Mecanismos de Ajuste de Riesgo para el Calculo de la Unidad de Pago por Capitación Para Garantizar el Plan Obligatorio de Salud en el Año 2007 /
_cMery Concepción Bolívar Vargas, Hernando Guerrero Moreno, [y otros 3]
260 _aBogotá :
_bMinisterio de la Protección Social,
_c2011.
300 _a76 páginas :
_bgráficos a blanco y negro ;
_c28 cm.
490 0 _aColección de estudios de suficiencia UPC-POS
504 _aBibliografía : páginas 69-70.
505 0 _aMetodología -- Resultados -- Conclusiones -- Recomendaciones
650 2 4 _aRégimen contributivo
_98998
650 2 4 _aRégimen subsidiado
_98999
700 1 _aGuerrero Moreno, Hernando,
_eautor
_99000
700 1 _aOrdóñes Lega, Inés Elvira,
_eautora
_99001
942 _2ddc
_cBK
999 _c6363
_d6363